Welcome to CU Library Online Public Access Catalogue (OPAC)

Human Resource Management (Record no. 2553)

MARC details
000 -LEADER
fixed length control field 00574nam a22001937a 4500
005 - DATE AND TIME OF LATEST TRANSACTION
control field 20250115124717.0
008 - FIXED-LENGTH DATA ELEMENTS--GENERAL INFORMATION
fixed length control field 250115b |||||||| |||| 00| 0 eng d
020 ## - INTERNATIONAL STANDARD BOOK NUMBER
International Standard Book Number 9780071278775
050 ## - LIBRARY OF CONGRESS CALL NUMBER
Classification number HF5549
Item number .B937 BYA
100 ## - MAIN ENTRY--PERSONAL NAME
Personal name Byars Lloyd L.
245 ## - TITLE STATEMENT
Title Human Resource Management
Statement of responsibility, etc. Lloyd L. Byars & Leslie W. Rue
250 ## - EDITION STATEMENT
Edition statement 9th Ed.
260 ## - PUBLICATION, DISTRIBUTION, ETC.
Place of publication, distribution, etc. Boston
Name of publisher, distributor, etc. McGraw-Hill/Irwin
Date of publication, distribution, etc. 2008
300 ## - PHYSICAL DESCRIPTION
Extent xiii. 415p.
Other physical details ill. col.
Dimensions 25.5 cm x 20.5 cm
500 ## - GENERAL NOTE
General note Includes Index
650 ## - SUBJECT ADDED ENTRY--TOPICAL TERM
Source of heading or term Human Resource Management
700 ## - ADDED ENTRY--PERSONAL NAME
Personal name Rue Leslie W.
942 ## - ADDED ENTRY ELEMENTS (KOHA)
Source of classification or shelving scheme Library of Congress Classification
Koha item type Books
Edition 9th Ed.
Suppress in OPAC No
999 ## -
-- 2553
-- 2553
Holdings
Withdrawn status Lost status Source of classification or shelving scheme Damaged status Not for loan Collection Home library Current library Shelving location Date acquired Total checkouts Full call number Barcode Date last seen Copy number Price effective from Koha item type
    Library of Congress Classification     Non-fiction Business Library (Miotso) Business Library (Miotso) General stacks 01/15/2025   HF5549 .B937 BYA BSSM00000425 01/15/2025 1 01/15/2025 Books
    Library of Congress Classification     Non-fiction Business Library (Miotso) Business Library (Miotso) General stacks 01/15/2025   HF5549 .B937 BYA BSSM00000426 01/15/2025 2 01/15/2025 Books
    Library of Congress Classification     Non-fiction Undergraduate Library (Christ Temple) Undergraduate Library (Christ Temple) General stacks 05/16/2025   HF5549.B937 BYA ulct00002449 05/16/2025 1 05/16/2025 Books
© 2023-2024 Copyright: Central University Libraries. All Rights Reserved | Created by: Mahone Tech Office